Most successful commercial jet airliners - Statistics

General Stats
  • This quiz has been taken 185 times
  • The average score is 9 of 10
Answer Stats
Rank Units sold Answer % Correct
1 14,956 Boeing 737
99%
7 1,568 Boeing 747
99%
5 1,989 Boeing 777
95%
2 14,281 Airbus A320
93%
9 1,224 Boeing 767
93%
8 1,390 Boeing 787
91%
4 2,656 Airbus A300/A330/A340
90%
10 1,050 Boeing 757
90%
6 1,831 Boeing 727
85%
3 2,448 McDonnell Douglas DC-9
32%
No matching quizzes found
Score Distribution
Percent of People with Each Score
Percentile by Number Answered
Your Score History
You have not taken this quiz